| 000 | 00626nam a2200181Ia 4500 | ||
|---|---|---|---|
| 008 | 090630s9999 xx 000 0 und d | ||
| 082 | _b21253 | ||
| 100 | _aवाळिंबे वि. स. | ||
| 245 |
_aस्वातंत्र्यवीर. _cवाळिंबे वि. स. |
||
| 260 |
_bनवचैतन्य. _c1967 |
||
| 300 | _a175 | ||
| 600 | _aवाळिंबे वि. स. | ||
| 630 | _aस्वातंत्र्यवीर. | ||
| 655 | _aचरित्र. | ||
| 700 | _aवाळिंबे वि. स. | ||
| 730 | _aस्वातंत्र्यवीर. | ||
| 942 | _cBOOK | ||
| 999 |
_c273109 _d273109 |
||